[Event "Vojvodina-ch 5th"]
[Site "Novi Sad"]
[Date "2014.07.12"]
[Round "1"]
[White "Pantelic, Sasa"]
[Black "Zoric, Djuro D"]
[Result "1-0"]
[WhiteElo "2312"]
[BlackElo "1724"]
[PlyCount "48"]
[EventDate "2014.07.12"]
[EventType "swiss"]
[EventRounds "9"]
[EventCountry "YUG"]
[SourceTitle "CBM 161 Extra"]
[Source "ChessBase"]
[SourceDate "2014.08.29"]
[SourceVersion "1"]
[SourceVersionDate "2014.08.29"]
[SourceQuality "1"]

1. d4 Nf6 2. c4 c6 3. Nc3 d5 4. cxd5 cxd5 5. Bf4 a6 6. e3 Bf5 7. Qb3 b6 8. Bxb8 Qxb8 9. Nxd5 Be6 10. Bc4 Nd7 11. Nf4 Bxc4 12. Qxc4 Qc8 13. Qb3 e6 14. Nge2 Bd6 15. Rc1 Qb7 16. 0-0 0-0 17. Nxe6 Rfe8 18. Ng5 Nf6 19. Ng3 h6 20. Nf3 g6 21. Rc2 Kg7 22. Rfc1 b5 23. Rc6 Qb8 24. Nh4 Ra7 1-0